000 00612cam a2200241 4500
008 090401t1994 xxu||||| |||| 00| 0 eng d
020 _a0851423396
035 _a(Sirsi) u70991
041 _aeng
050 _a025.11
100 _aWebb, Sylvia P.
245 _aMaking a charge for library and information services.
260 _aLondon
_bASLIB
_c1994
300 _a50p. ; 23cm.
350 _a10
490 _aAslib Know How Guide
650 _aCHARGING
650 _aLIBRARIES
690 _aPROPERTY-PROPERTY FINANCE AND INVESTMENT
710 _aAslib
_9760
942 _n0
948 _c04/03/1997
999 _c95367
_d95367